000 00344nam a22001457a 4500
003 OSt
008 260218b |||||||| |||| 00| 0 eng d
020 _a9788119798001
082 _a170 PRT
100 _aPRUSTY,Hrudananda
245 _aThreads of Wisdom
250 _a-
260 _aNew Delhi
_bHar Anand Publication
_c2025
942 _2ddc
_cREF
999 _c13831
_d13831